Practical algorithms For Image Analysis; Description, examples, And Code with CD-ROM (Record no. 289871)

000 -LEADER
fixed length control field 00287 a2200109 4500
001 - CONTROL NUMBER
control field 54798
090 ## - LOCALLY ASSIGNED LC-TYPE CALL NUMBER (OCLC); LOCAL CALL NUMBER (RLIN)
-- 33988
-- 33988
100 ## - MAIN ENTRY--PERSONAL NAME
Personal name Seul, Michael
245 ## - TITLE STATEMENT
Title Practical algorithms For Image Analysis; Description, examples, And Code with CD-ROM
260 ## - PUBLICATION, DISTRIBUTION, ETC.
Place of publication, distribution, etc. NY
Name of publisher, distributor, etc. Camridge
Date of publication, distribution, etc. 2005
505 ## - FORMATTED CONTENTS NOTE
Formatted contents note CD/DVD
942 ## - ADDED ENTRY ELEMENTS (KOHA)
Institution code [OBSOLETE] NUST-CAE
Holdings
Withdrawn status Lost status Damaged status Not for loan Collection code Permanent Location Current Location Date acquired Total Checkouts Barcode Date last seen Price effective from Koha item type
          College of Aeronautical Engineering (CAE) College of Aeronautical Engineering (CAE) 04/03/2017   CAE79263 04/05/2017 04/05/2017 Book
© 2023 Central Library, National University of Sciences and Technology. All Rights Reserved.